La educación humana del hombre / (Record no. 148867)

MARC details
000 -LEADER
campo de control de longitud fija 00683nam a2200217 4500
001 - NÚMERO DE CONTROL
campo de control 148867
003 - IDENTIFICADOR DE NÚMERO DE CONTROL
campo de control ES-MaACL
005 - FECHA Y HORA DE LA ÚLTIMA TRANSACCIÓN
campo de control 20250829131559.0
007 - CAMPO FIJO DE DESCRIPCIÓN FÍSICA--INFORMACIÓN GENERAL
campo de control de longitud fija t|
008 - DATOS DE LONGITUD FIJA--INFORMACIÓN GENERAL
campo de control de longitud fija 070214s1977 sp r ||||1| spa d
100 1# - ENTRADA PRINCIPAL--NOMBRE DE PERSONA
Nombre de persona Suchodolski, Bogdan.
9 (RLIN) 108708
245 13 - MENCIÓN DEL TÍTULO
Título La educación humana del hombre /
Mención de responsabilidad, etc. Bogdan Suchodolski ; versión de Melitón Bustamante.
250 ## - MENCION DE EDICION
Mención de edición 1ª. ed.
260 ## - PUBLICACIÓN, DISTRIBUCIÓN, ETC.
Lugar de publicación, distribución, etc. Barcelona :
Nombre del editor, distribuidor, etc. Laia,
Fecha de publicación, distribución, etc. 1977.
300 ## - DESCRIPCIÓN FÍSICA
Extensión 534 p. ;
Dimensiones 21 cm.
490 1# - MENCIÓN DE SERIE
Mención de serie Col. papel. Pedagogía ;
Designación de volumen o secuencia 451
700 1# - ENTRADA AGREGADA--NOMBRE PERSONAL
Nombre de persona Bustamante Ortiz, Melitón.
9 (RLIN) 32877
830 00 - PUNTO DE ACCESO ADICIONAL DE SERIE-TÍTULO UNIFORME
Título uniforme Colección papel.
Nombre de parte o sección de la obra Pedagogía
Designación de volumen o secuencia 451
9 (RLIN) 221048
852 ## - LOCALIZACIÓN
Ubicación ES-MaACL
Número de control de estantería A-6740
Sublocalización o colección R.95903
Holdings
Estatus retirado Estado de pérdida Estado de daño No para préstamo Biblioteca de origen Biblioteca actual Ubicación en estantería Fecha de adquisición Fuente de adquisición Total de préstamos Signatura topográfica completa Código de barras Visto por última vez Precio de reemplazo Tipo de ítem Koha
        Biblioteca del Ateneo de Madrid Biblioteca del Ateneo de Madrid Sala Pecera Planta 1 17/01/2008     A-6740 1155350 23/02/2023 23/02/2023 Libro impreso